Маркетинговый анализ: учебное пособие для вузов

Dades bibliogràfiques
Autor principal: Казакова Н. А.
Sumari:В учебном пособии маркетинговый анализ представлен как система комплексного исследования организации производства и сбыта продукции, работ, услуг, ориентированных на удовлетворение потребностей конкретных потребителей, с целью получения прибыли на основе использования различных аналитических приемов, методов, инструментальных средств изучения и прогнозирования рынка. На конкретных примерах рассматриваются практические инструменты маркетингового анализа: анализ внешней и внутренней среды организации, оценка ее рыночного потенциала и конкурентоспособности продукции и бизнеса, прогнозирование объемов продаж, формирование оптимальной ассортиментной и ценовой политики, а также применение методов ситуационного анализа в оперативном маркетинге, методы формирования бюджета продаж и рекламного бюджета, эффективности рекламного маркетинга, анализ рисков маркетинговой деятельности. Для студентов вузов, обучающихся по экономическим и управленческим направлениям, аспирантов, магистрантов, слушателей курсов повышения квалификации, а также маркетологов и консультантов по маркетингу.
Idioma:rus
Publicat: Москва, Инфра-М, 2014
Col·lecció:Высшее образование. Бакалавриат
Matèries:
Format: MixedMaterials Llibre
KOHA link:https://koha.lib.tpu.ru/cgi-bin/koha/opac-detail.pl?biblionumber=259993

MARC

LEADER 00000nam0a2200000 4500
001 259993
005 20231101233433.0
010 |a 9785160052205 
035 |a (RuTPU)RU\TPU\book\282939 
090 |a 259993 
100 |a 20140513d2014 m y0rusy50 ca 
101 0 |a rus 
102 |a RU 
105 |a a j 001zy 
200 1 |a Маркетинговый анализ  |e учебное пособие для вузов  |f Н. А. Казакова 
210 |a Москва  |c Инфра-М  |d 2014 
215 |a 240 с.  |c ил. 
225 1 |a Высшее образование. Бакалавриат 
320 |a Библиогр.: с. 235-236. 
330 |a В учебном пособии маркетинговый анализ представлен как система комплексного исследования организации производства и сбыта продукции, работ, услуг, ориентированных на удовлетворение потребностей конкретных потребителей, с целью получения прибыли на основе использования различных аналитических приемов, методов, инструментальных средств изучения и прогнозирования рынка. На конкретных примерах рассматриваются практические инструменты маркетингового анализа: анализ внешней и внутренней среды организации, оценка ее рыночного потенциала и конкурентоспособности продукции и бизнеса, прогнозирование объемов продаж, формирование оптимальной ассортиментной и ценовой политики, а также применение методов ситуационного анализа в оперативном маркетинге, методы формирования бюджета продаж и рекламного бюджета, эффективности рекламного маркетинга, анализ рисков маркетинговой деятельности. Для студентов вузов, обучающихся по экономическим и управленческим направлениям, аспирантов, магистрантов, слушателей курсов повышения квалификации, а также маркетологов и консультантов по маркетингу. 
606 1 |a Маркетинговый анализ  |2 stltpush  |3 (RuTPU)RU\TPU\subj\41042  |9 60861 
610 1 |a маркетинг 
610 1 |a анализ 
610 1 |a стратегический анализ 
610 1 |a товарная политика 
610 1 |a ценовая политика 
610 1 |a ассортиментная политика 
610 1 |a реклама 
610 1 |a ситуационный анализ 
610 1 |a маркетинговая деятельность 
610 1 |a маркетинговые риски 
610 1 |a учебные пособия 
686 |a У9(2)212.4я73  |v LBC/SL-A  |2 rubbk 
700 1 |a Казакова  |b Н. А. 
801 1 |a RU  |b 63413507  |c 20140513 
801 2 |a RU  |b 63413507  |c 20150624  |g RCR 
942 |c BK 
959 |a 79/20140513  |d 2  |e 399,90  |f ЧЗГЛ:1  |f АНЛ:1